Machachaitra, the great spring and other plays / (Record no. 164353)

MARC details
000 -LEADER
fixed length control field 00479nam a22001697a 4500
005 - DATE AND TIME OF LATEST TRANSACTION
control field 20190516153326.0
010 ## - LCCN (DPL NO)
LC control number B-083904
020 ## - INTERNATIONAL STANDARD BOOK NUMBER
International Standard Book Number 817046160
Terms of availability 225.00
035 ## - SYSTEM CONTROL NUMBER
System control number B-083904
037 ## - SOURCE OF ACQUISITION
Source of stock number/acquisition Seagull Books
082 ## - DEWEY DECIMAL CLASSIFICATION NUMBER
Classification number 873.2
100 ## - MAIN ENTRY--PERSONAL NAME
Personal name Prakash, H.S. Shiva
245 ## - TITLE STATEMENT
Title Machachaitra, the great spring and other plays /
Statement of responsibility, etc H.S. Shiva Prakash
260 ## - PUBLICATION, DISTRIBUTION, ETC. (IMPRINT)
Place of publication, distribution, etc Calcutta
Name of publisher, distributor, etc Seagull Books
Date of publication, distribution, etc 2002
300 ## - PHYSICAL DESCRIPTION
Extent 165p.
Dimensions 22cm(pbk)
942 ## - ADDED ENTRY ELEMENTS (KOHA)
Source of classification or shelving scheme Dewey Decimal Classification
Item type English Books
Classification part 873.2
Call number suffix SHI
Holdings
Withdrawn status Lost status Not for loan Collection code Home library Current library Date acquired Full call number Barcode Koha item type
      Non-fiction Sarojini Nagar Sarojini Nagar 16/05/2019 873.2 SHI B-083904 English Books

© Delhi Public Library
Hit Counter
free hit counter